| 000 | 00548nam a2200169 i 4500 | ||
|---|---|---|---|
| 001 | 37156 | ||
| 003 | ES-MaACL | ||
| 005 | 20230906155522.0 | ||
| 007 | t| | ||
| 008 | 030220s1946 sp ||||1| spa d | ||
| 100 | 1 |
_aBumke, Oswald. _932539 |
|
| 245 | 1 | 0 |
_aNuevo tratado de enfermedades mentales / _cpor Oswald Bumke ; traducción y prólogo de Ramón Sarró. |
| 260 |
_a[Barcelona] : _bF. Seix, _c1946 ( _fBachs) |
||
| 300 |
_aXLVI, 850 p., 30 lám. : _bil. ; _c24 cm. |
||
| 700 | 1 |
_aSarró, Ramón. _9103872 |
|
| 852 |
_aES-MaACL _jB-10746 _bR.23745 |
||
| 999 |
_c37156 _d37156 |
||